| 000 | 00930nas a2200301 4500 | ||
|---|---|---|---|
| 001 | BR2014007654 | ||
| 003 | BR-BrBNA | ||
| 005 | 20231205124805.0 | ||
| 007 | ta | ||
| 008 | 230509b bl.|||p| |||| 00| 00por d | ||
| 040 |
_aBR-BrBNA _bpor _cBiblioteca Nacional de Agricultura |
||
| 041 | _a(En) | ||
| 072 | _aF03; Q02 | ||
| 100 | 1 | _aMiranda, L.B. | |
| 100 | 1 | _aLima, P.R. de | |
| 100 | 1 | _aMartins, G.A. de S. | |
| 100 | 1 | _aSilva, W.G. da | |
| 245 | 1 | _aWater absorption in bean seeds (Phaseolus vulgaris L.)during processing | |
| 650 | _aFEIJÃO | ||
| 650 | _aABSORÇÃO DE ÁGUA | ||
| 650 | _aSEMENTE | ||
| 650 | _aTEMPERATURA | ||
| 650 | _aMÉTODO DE APLICAÇÃO | ||
| 650 | _aEMBEBIÇÃO | ||
| 773 | 0 |
_tBoletim do Centro de Pesquisa e Processamento de Alimentos (Brazil) _xISSN 0102-0323 _g(Jul-Dec 2013), v. 31(2) p. 285-294 _wBR2014007654 |
|
| 909 |
_a202311 _bLúcia _c55 _dLúcia Elande |
||
| 942 |
_2AGRIS _n0 _cANA |
||
| 999 |
_c240913 _d240913 |
||